000 00240nam a2200109Ia 4500
008 190216s9999||||xx |||||||||||||| ||und||
100 _aCharles T Horngren
245 0 _aCost Accounting
260 _bNull
_c1977
300 _a1018
942 _cBK
999 _c5327
_d5327